00757nam a22001937a 450000500170000001000150001702000270003203500140005903700130007308200130008610000300009924500960012926000430022527000820026830000300035094200270038099900190040795201370042620240313143702.0 aENG-139476 a9788178246529c1095.00 aEN-123008 bDBAD/PUB a294.5054 aChaturvedi Vinayak963271 aHindustav And Violence:bV.D. Savarkar and the Politics of Histrory/cBy Vinayak Chaturvedi aPermanent BlackbRanikhet Cantt,c2022 bNew DelhiaHimalaya' ,Mall Road , Ranikher Cannt,e263645mperblack@gmail.com a463p.c22cm(pbk)bImages  2ddccENmCHAh294.5054 c201127d201127 001040708NFICaPRbPRd2024-02-29eDBAD/PUBg1095.00l0oCHA 294.5054pEN-123008r2024-02-29 00:00:00t1v1095.00w2024-02-29yEN